Llwytho...
The Theban plays:King Oedipus,Oedipus at Colonus & Antigone/
| Prif Awdur: | |
|---|---|
| Fformat: | Printed Book |
| Iaith: | Malayalam |
| Cyhoeddwyd: |
England:
Penguin Books,
1974.
|
| LEADER | 00459nam a2200121Ia 4500 | ||
|---|---|---|---|
| 008 | 111205s9999 xx 000 0 mal d | ||
| 100 | |a Sophocles | ||
| 245 | |a The Theban plays:King Oedipus,Oedipus at Colonus & Antigone/ |c Sophocles | ||
| 260 | |b Penguin Books, |a England: |c 1974. | ||
| 300 | |a 168p. | ||
| 942 | |c BK |2 ddc | ||
| 999 | |c 219057 |d 219057 | ||
| 952 | |0 0 |1 0 |4 0 |6 E_882S1_THE |7 0 |9 242008 |a MAL |b MAL |c ST1 |d 2011-12-05 |g 0.00 |l 0 |o E882S1 THE |p MAL15323 |r 2015-04-13 |v 0.00 |w 2018-08-20 |y BK | ||